00401nam a2200121Ia 4500008004100000100001800041245009300059245005000152260000900202300001100211650001300222856004400235170221s9999 xx 000 0 und d aReuben Segara aPerformance of Active Extension Strategies: Evidence from the Australian Equities Market cReuben Segara, Abhishek Das, and James Turner c2014 a14 : 2 xBusiness uhttp://ro.uow.edu.au/aabfj/vol6/iss3/2/